Del cumplimiento íntegro y efectivo de las penas a la prisión permanente revisable (Registro nro. 171550)

Detalles MARC
000 -LEADER
fixed length control field 02386nam a22002657a 4500
007 - PHYSICAL DESCRIPTION FIXED FIELD--GENERAL INFORMATION
fixed length control field cr|||| ||||
008 - FIXED-LENGTH DATA ELEMENTS--GENERAL INFORMATION
fixed length control field 220510s2021 es |||||s|||| 00||0 spa d
020 ## - INTERNATIONAL STANDARD BOOK NUMBER
International Standard Book Number 978-84-123305-3-3
035 ## -
-- 35634
040 ## - CATALOGING SOURCE
Original cataloging agency vLex
090 ## -
-- 13314
-- 13314
100 1# - MAIN ENTRY--PERSONAL NAME
Personal name Martín Aragón, Mª Del Mar
245 13 - TITLE STATEMENT
Title Del cumplimiento íntegro y efectivo de las penas a la prisión permanente revisable
Medium [Recurso electrónico] /
Statement of responsibility, etc Mª Del Mar Martín Aragón
256 ## -
-- Servicio en línea
260 ## - PUBLICATION, DISTRIBUTION, ETC. (IMPRINT)
Place of publication, distribution, etc Barcelona:
Name of publisher, distributor, etc J.M. Bosch Editor,
Date of publication, distribution, etc 2021
300 ## - PHYSICAL DESCRIPTION
Extent 1 recurso electrónico
500 ## - GENERAL NOTE
General note Desde el año 2003 venimos asistiendo a un endurecimiento progresivo del Código penal que ha culminado con la última gran reforma de 2015 que incluía la prisión permanente revisable. En todas estas reformas, el legislador ha utilizado el argumento de una sociedad que reclama penas más duras, sin sustento científico alguno, apoyándose en la idea del populismo punitivo. Además, se ha utilizado a las víctimas como arma arrojadiza, que se han convertido en peldaños de una escalera para llegar al mayor nivel de castigo posible, la cadena perpetua. La escalada punitivista iniciada con el cumplimiento íntegro y efectivo de las penas, que en algunos casos daba lugar a una cadena perpetua de facto, ha acabado convirtiéndose en una cadena perpetua de derecho, bajo el nombre de prisión permanente revisable. Una pena sobre la que sigue pendiente de resolución un recurso de inconstitucionalidad por vulnerar numerosos preceptos de la Constitución. Una pena que parte de la idea de sujetos irrecuperables, a los que hay que apartar de la sociedad. Una pena que deja de reconocer derechos fundamentales a aquellas personas que han cometido delitos especialmente graves. Una pena al fin y al cabo que nos ha hecho retroceder como Estado Social y Democrático de derecho
506 1# - RESTRICTIONS ON ACCESS NOTE
Terms governing access Disponible solo en los productos indicados
Authorized users vLex Global
-- vLex Global (Academic Edition, excluding Law Schools)
-- vLex Global (U.S. Academic Edition, Law Schools)
-- vLex Global (U.S. Academic Edition, excluding Law Schools)
-- vLex Global (Academic Edition, Law Schools)
650 04 - SUBJECT ADDED ENTRY--TOPICAL TERM
Topical term or geographic name as entry element Derecho Penal
Geographic subdivision España
650 04 - SUBJECT ADDED ENTRY--TOPICAL TERM
Topical term or geographic name as entry element Procedimiento Penal
Geographic subdivision España
740 0# -
-- vLex Libros (Servicio en línea)
856 40 - LOCALIZACIÓN Y ACCESO ELECTRÓNICO
Identificador Uniforme del Recurso (URI/URL) https://app.vlex.com/#/sources/35634
942 ## -
-- RAA
999 ## -
-- 171550
-- 171550

No hay ítems disponibles.


CONTACTO


NOSOTROS


SITIOS DE INTERES

coordinacion.biblioteca.biblioteca@unienlinea.mx Misión, Visión y Objetivos Bases de datos
Directorio Bibliotecas Digitales y Repositorios
Normatividad Revistas y artículos
Convenios interbibliotecarios
Boletines



Hecho en México. Universidad Insurgentes (UIN). Todos los derechos reservados 2024. Esta página y sus contenidos pueden ser reproducidos con fines no lucrativos, siempre y cuando no se mutile, se cite la fuente completa y su dirección electrónicas. De otra forma requiere permiso previo por escrito de la institución




2024 Copyright Universidad Insurgentes | www.bibliouin.com.mx